Mohammad Ayub Khuhro (Record no. 13649)
[ view plain ]
| 000 -LEADER | |
|---|---|
| fixed length control field | 00322nam a22001337a 4500 |
| 020 ## - INTERNATIONAL STANDARD BOOK NUMBER | |
| ISBN | 969 0 01424 2 |
| 082 ## - DEWEY DECIMAL CLASSIFICATION NUMBER | |
| Classification number | 954.03 |
| Item number | KHU |
| 100 ## - MAIN ENTRY--AUTHOR NAME | |
| Personal name | Hamida Khuhro |
| 245 ## - TITLE STATEMENT | |
| Title | Mohammad Ayub Khuhro |
| Remainder of title | a life of courage in politics |
| 260 ## - PUBLICATION, DISTRIBUTION, ETC. (IMPRINT) | |
| Place of publication | Lahore |
| Name of publisher | Ferozsons |
| Year of publication | 1998 |
| 300 ## - PHYSICAL DESCRIPTION | |
| Number of Pages | 576 pages |
| 650 ## - SUBJECT ADDED ENTRY--TOPICAL TERM | |
| Topical Term | Biography |
| 942 ## - ADDED ENTRY ELEMENTS (KOHA) | |
| Koha item type | Books |
| Withdrawn status | Lost status | Collection code | Permanent Location | Current Location | Shelving location | Date acquired | Full call number | Accession Number | Koha item type |
|---|---|---|---|---|---|---|---|---|---|
| | | English Literature | MAJU | MAJU | Shelf No.A30 | 2023-01-05 | 954.03 KHU | 10742 | Books |